| 000 | 00890nam a22002297a 4500 | ||
|---|---|---|---|
| 999 |
_c9171 _d9171 |
||
| 003 | AR-CdUCM | ||
| 008 | 190327b ||||| |||| 00| 0 spa d | ||
| 020 | _a84-313-0606-8 | ||
| 040 |
_aMUNICIPALIDAD PROVINCIAL DEL CUSCO _cBIBLIOTECA MUNICIPAL DEL CUSCO |
||
| 082 |
_a234.2 / _bAL49 |
||
| 100 |
_aAlvira, Tomas _925218 |
||
| 245 | _aLa Fe y la Formación Intelectual / | ||
| 260 |
_aEspaña : _bEdiciones Universidad de Navarra ; _c1979. |
||
| 300 |
_a141 páginas ; _c18cm |
||
| 505 | _aContenido: La fe, principio de la formación intelectual -- El crecimiento en la fe -- Influjo positivo de la fe en la formación científica -- Incidencia de la formación intelectual en la vida de fe | ||
| 650 |
_aFormación intelectual _925219 |
||
| 650 |
_aFe _98820 |
||
| 650 |
_aFormación científica _925220 |
||
| 700 |
_aMelendo, Tomas _925221 |
||
| 942 |
_2ddc _cLIBROS |
||
| 945 | _anom | ||